Australian Property Journal (Record no. 118607)
[ view plain ]
| 000 -LEADER | |
|---|---|
| fixed length control field | 00605cas a22002175a 4500 |
| 001 - CONTROL NUMBER | |
| control field | L98972 |
| 008 - FIXED-LENGTH DATA ELEMENTS--GENERAL INFORMATION | |
| fixed length control field | 070627c1998 at qr p 0 a0eng |
| 022 1# - INTERNATIONAL STANDARD SERIAL NUMBER | |
| International Standard Serial Number | 1441-4929 |
| 035 ## - SYSTEM CONTROL NUMBER | |
| System control number | (Sirsi) u98972 |
| 041 0# - LANGUAGE CODE | |
| Language code of text/sound track or separate title | eng |
| 110 2# - MAIN ENTRY--CORPORATE NAME | |
| Corporate name or jurisdiction name as entry element | Australian Property Institute |
| 9 (RLIN) | 4013 |
| 245 00 - TITLE STATEMENT | |
| Title | Australian Property Journal |
| 260 ## - PUBLICATION, DISTRIBUTION, ETC. | |
| Place of publication, distribution, etc. | Deakin |
| Name of publisher, distributor, etc. | Australian Property Institute |
| Date of publication, distribution, etc. | 1998- |
| 362 ## - DATES OF PUBLICATION AND/OR SEQUENTIAL DESIGNATION | |
| Dates of publication and/or sequential designation | 35(3) August 1998-38(4) November 2004 |
| 554 ## - | |
| -- | Four per year |
| 651 #4 - SUBJECT ADDED ENTRY--GEOGRAPHIC NAME | |
| Geographic name | Australia |
| 690 ## - LOCAL SUBJECT ADDED ENTRY--TOPICAL TERM (OCLC, RLIN) | |
| Topical term or geographic name as entry element | PROPERTY-COMMERCIAL PROPERTY |
| 780 00 - PRECEDING ENTRY | |
| Title | Valuer and Land Economist |
| 942 ## - ADDED ENTRY ELEMENTS (KOHA) | |
| Suppress in OPAC | 0 |
| 948 ## - LOCAL PROCESSING INFORMATION (OCLC); SERIES PART DESIGNATOR (RLIN) | |
| c (OCLC) | 20/01/1995 |
| Withdrawn status | Lost status | Source of classification or shelving scheme | Damaged status | Not for loan | Home library | Current library | Shelving location | Date acquired | Total Checkouts | Full call number | Barcode | Date last seen | Price effective from | Koha item type |
|---|---|---|---|---|---|---|---|---|---|---|---|---|---|---|
| Dewey Decimal Classification | London | London | Basement | 20/09/2005 | AUSTRALIAN PROPERTY JOURNAL | 98972-2001 | 06/08/2019 | 06/08/2019 | Journal |